| 000 | 00593nam a2200229Ia 4500 | ||
|---|---|---|---|
| 003 | OSt | ||
| 005 | 20230331152041.0 | ||
| 008 | 210423s2018 xx 000 0 und d | ||
| 020 | _a978-93-86418-00-5 | ||
| 040 | _cAL | ||
| 041 | _aeng | ||
| 082 |
_a001.434 _223 _bDASD |
||
| 100 |
_aDAS (M N);GIRI (N C) _981062 |
||
| 245 | _aDesign and analysis of experiments Ed 3 | ||
| 250 | _a3 | ||
| 260 |
_aNew Delhi _bNew Age International _c2018 |
||
| 300 |
_axii,488 _bHB |
||
| 365 |
_b999 _cINR |
||
| 650 |
_aResearch _981063 |
||
| 906 | _aanalysis ; Design ; experiments | ||
| 942 |
_2ddc _cBK |
||
| 999 |
_c168977 _d168977 |
||